Сказки (Запись № 4250917)

Подробности
000 -МАРКЕР
контрольное поле 01630nam0a2200337 i 4500
001 - ИДЕНТИФИКАТОР ЗАПИСИ
контрольное поле RU\NLR\bibl\2004271
005 - ИДЕНТИФИКАТОР ВЕРСИИ
контрольное поле 20260607064728.0
010 ## - МЕЖДУНАРОДНЫЙ СТАНДАРТНЫЙ НОМЕР КНИГИ (ISBN)
Номер (ISBN) 9785751610791
Тираж 3000
021 ## - НОМЕР ГОСУДАРСТВЕННОЙ РЕГИСТРАЦИИ
Код страны Российская Федерация
Номер 2013-8431
Номер Листа государственной регистраци 610
035 ## - ДРУГИЕ СИСТЕМНЫЕ НОМЕРА
Идентификатор записи (NLR Aleph) 001992950
100 ## - ДАННЫЕ ОБЩЕЙ ОБРАБОТКИ
Данные общей обработки 20130225d2012 d y0rusy50 ca
101 0# - ЯЗЫК РЕСУРСА
Язык текста, звукозаписи и т.д. русский
102 ## - СТРАНА ПУБЛИКАЦИИ ИЛИ ПРОИЗВОДСТВА
Страна публикации Российская Федерация
105 ## - ПОЛЕ КОДИРОВАННЫХ ДАННЫХ: ТЕКСТОВЫЕ МАТЕРИАЛЫ, МОНОГРАФИЧЕСКИЕ
Кодированные данные о монографическом текстовом документе a |||||||||
200 1# - ЗАГЛАВИЕ И СВЕДЕНИЯ ОБ ОТВЕТСТВЕННОСТИ
Основное заглавие Сказки
Сведения, относящиеся к заглавию [для детей среднего школьного возраста]
Первые сведения об ответственности Константин Паустовский
Последующие сведения об ответственности худож. Татьяна Русакова
210 ## - ПУБЛИКАЦИЯ, РАСПРОСТРАНЕНИЕ И ДР.
Место издания, распространения и т.д. Москва
Имя издателя, распространителя и т. д. Текст
Дата издания, распространения и т.д. 2012
215 ## - ФИЗИЧЕСКАЯ ХАРАКТЕРИСТИКА
Специфическое обозначение материала и объем 82, [4] с.
Другие сведения о физической характеристике цв. ил.
Размеры 30
300 ## - ОБЩИЕ ПРИМЕЧАНИЯ
Текст примечания Загл. обл.: Растрепанный воробей: сказки
327 1# - ПРИМЕЧАНИЯ О СОДЕРЖАНИИ
Текст примечания Содерж.: Растрепанный воробей; Квакша; Дремучий медведь; Похождения жука-носорога; Стальное колечко; Теплый хлеб
512 1# - ЗАГЛАВИЕ ОБЛОЖКИ
Связь между полями z73790
Заглавие обложки Растрепанный воробей
Сведения, относящиеся к заглавию сказки
686 ## - ИНДЕКСЫ ДРУГИХ КЛАССИФИКАЦИЙ
Индекс Ш9(2)62=Р7-2
700 #1 - ИМЯ ЛИЦА - ПЕРВИЧНАЯ ОТВЕТСТВЕННОСТЬ
Код отношения Автор
Материалы, к которым относится поле rus
Графика поля Кириллица
Начальный элемент ввода Паустовский
Часть имени, кроме начального элемента ввода К. Г.
Расширение инициалов личного имени Константин Георгиевич
Даты 1892-1968
Идентификатор авторитетной/нормативной записи RU\NLR\auth\7725989
Системный номер авторитетной/нормативной записи 9034
702 #1 - ИМЯ ЛИЦА - ВТОРИЧНАЯ ОТВЕТСТВЕННОСТЬ
Код отношения Карикатурист, Художник
Графика поля Кириллица
Материалы, к которым относится поле rus
Начальный элемент ввода Русакова
Часть имени, кроме начального элемента ввода Т. О.
Дополнения к именам, кроме дат художник
Расширение инициалов личного имени Татьяна О.
Системный номер авторитетной/нормативной записи 67942
Идентификатор авторитетной/нормативной записи RU\NLR\auth\7785014
790 #1 - ИМЯ ЛИЦА - АЛЬТЕРНАТИВНАЯ ФОРМА
Код отношения Автор
Материалы, к которым относится поле rus
Графика поля Кириллица
Начальный элемент ввода Паустовский
Часть имени, кроме начального элемента ввода К. Г.
Расширение инициалов личного имени Константин Георгиевич
Даты 1892-1968
Идентификатор авторитетной/нормативной записи RU\NLR\auth\7725989
Системный номер авторитетной/нормативной записи 9034
801 #0 - ИСТОЧНИК ЗАПИСИ
Страна Российская Федерация
Организация NLR
Дата составления 20130225
Правила каталогизации RCR
801 #1 - ИСТОЧНИК ЗАПИСИ
Страна Российская Федерация
Организация NLR
Дата составления 20130225
942 ## - ДОПОЛНИТЕЛЬНЫЕ ЭЛЕМЕНТЫ ЗАПИСИ (АБИС)
Тип экземпляра АБИС Книга
980 ## - КОЛЛЕКЦИЯ
Название коллекции НБР

Нет доступных экземпляров.